Patentes e Criaė̳s Industriais

Bibliographic Details
Main Author: Paranagu,̀ Pedro
Format: eBook
Language:Portuguese
Published: Rio de Janeiro : FGV - Direito Rio, 2009
Subjects:
Online Access:http://www.vlex.com/source/6832

MARC

LEADER 00000nam a22000007a 4500
005 20130129144550.0
007 cr|||| ||||
008 130129e2009 bl |||||s|||| 00||0 por d
020 |a 8522507457 
035 |a 6832 
040 |a vLex 
090 |c 3619  |d 3619 
100 1 0 |a Paranagu,̀ Pedro 
245 1 0 |a Patentes e Criaė̳s Industriais  |h [Recurso electrn̤ico] 
256 |a Servicio en ln̕ea 
260 |a Rio de Janeiro :  |b FGV - Direito Rio,   |c 2009  
300 |a 1 Recurso electrn̤ico 
650 0 4 |a Propiedad industrial  |z Brasil 
650 0 4 |a Derecho mercantil y de la empresa  |z Brasil 
740 |a vLex Libros (Servicio en ln̕ea) 
856 |a Acceso restringido  |u http://www.vlex.com/source/6832 
942 |c BOOK 
999 0 |a Industrial property 
999 0 |a Commercial law